| 000 | 00692nam a2200229 a 4500 | ||
|---|---|---|---|
| 001 | 13901 | ||
| 003 | BD-JhCC | ||
| 005 | 20240513115314.0 | ||
| 008 | 220216s19871997bg |||| ||a| 000 0 ben d | ||
| 035 | _a(BD-JhCC)13901 | ||
| 040 |
_aBD-JhCC _dBD-JhCC |
||
| 041 | _abangali | ||
| 082 |
_a297 _bRAH 1997 |
||
| 100 | _a রহমান, ডা. লুৎফর | ||
| 245 |
_aধর্ম জীবন / _c ডা. লুৎফর রহমান |
||
| 260 |
_aঢাকা : _bবাংলাদেশ তাজ কোম্পানী লি; _c1997. |
||
| 300 |
_a৩২ পৃ. : _c২১ সেমি. |
||
| 650 | _aIslamic | ||
| 650 | _aSuccess. | ||
| 942 |
_2ddc _cBK |
||
| 999 |
_c13901 _d13901 |
||